Statistics for Sacramento Kings All-Time Starting 5

Click here to take the quiz!

General Stats

  • This quiz has been taken 135 times
  • The average score is 4 of 7

Answer Stats

PositionPlayer% Correct
PFChris Webber
87%
CDeMarcus Cousins
77%
PGOscar Robertson
77%
SFPeja Stojakovic
60%
SGMitch Richmond
38%
6th ManJerry Lucas
25%
CoachRick Adelman
17%

Score Distribution

Percentile by Number Answered

Percent of People with Each Score

Your Score History

You have not taken this quiz